Conference on merges and acquisitions (The United States, the United Kingdom, the Netherlands, and the Common Market), Leiden, 10 December 1990, Academy Building (Leiden Institute of Anglo-American law University of Leiden)

محفوظ في:
التفاصيل البيبلوغرافية
التنسيق: كتاب
اللغة:Undetermined
منشور في: Deventer, Netherlands Kluwer 1991
الموضوعات:
الوسوم: إضافة وسم
لا توجد وسوم, كن أول من يضع وسما على هذه التسجيلة!
Thư viện lưu trữ: Trung tâm Học liệu Trường Đại học Cần Thơ
LEADER 00765nam a2200205Ia 4500
001 CTU_27127
008 210402s9999 xx 000 0 und d
020 |c 56.43 
082 |a 340 
082 |b C748 
245 0 |a Conference on merges and acquisitions (The United States, the United Kingdom, the Netherlands, and the Common Market), Leiden, 10 December 1990, Academy Building (Leiden Institute of Anglo-American law University of Leiden) 
245 0 |c Edited by Johan D. Kleyn 
260 |a Deventer, Netherlands 
260 |b Kluwer 
260 |c 1991 
650 |a Law,Law,Law,Law 
650 |x Common market 
650 |z Netherlands,United Kingdom,United States 
904 |i Minh, Giang sửa 
980 |a Trung tâm Học liệu Trường Đại học Cần Thơ